000 00934nam a22002057a 4500
999 _c62824
_d62824
003 Ge_BSU
005 20250304171145.0
008 250304s1961 ge ||||| |||| 00| 0 geo d
041 _ageo
080 _a616.98:579.834.115 დ-32
100 _aდემეტრაძე, ირინა
_924450
245 _aლეპტოსპიროზები /
_cირინა დემეტრაძე ; [გ. მარუაშვილის წინასიტყვაობით].
264 _aთბ. :
_b საბჭ. საქართველო,
_c1961.
300 _a70 გვ. :
_b ილ. ;
_c20 სმ.
504 _aბიბლიოგრ.: გვ. 67-69.
653 _aლეპტოსპიროზები
653 _aმედიცინა
700 _aმარუაშვილი, გ.
_eწინასიტყვაობის ავტორი
_924451
942 _2udc
_cᲬᲘᲒᲜᲘ